| 000 | 01726nam a2200265 4500 | ||
|---|---|---|---|
| 003 | co-ctgcurn | ||
| 005 | 20250329165503.0 | ||
| 007 | ta | ||
| 008 | 190415s2021 000 0 eng d | ||
| 040 |
_aCO-CtgCURN _bspa _ccoctgcurn |
||
| 082 | 0 |
_aODO 2021 _bP295 |
|
| 100 | 1 | _aPaternina Vergara, Pedro Javier. | |
| 245 | 1 | 0 |
_aCaries radicular : _brevisión de literatura / _cPedro Javier Paternina Vergara; Karen Aurora Martínez Blanco; directora Natalia Fortich Mesa. |
| 260 | _c2021. | ||
| 260 | 1 |
_aCartagena de Indias : : _bCorporación Universitaria Rafael Nuñez,, _c2021. |
|
| 300 | _a35 hojas. | ||
| 504 | _aTrabajo de grado (Odontologo).Corporación Universitaria Rafael Núñez. Facultad de Ciencias de Salud. Programa de Odontología, 2021. | ||
| 520 | _a"El proceso de caries dental comienza con la pérdida de iones de calcio de los cristales de hidroxiapatita, superficiales que forman la mayor parte del esmalte dental. En circunstancias normales, esta pérdida de calcio y fosfato (desmineralización) se compensa con la absorción de nuevamente de estos iones (remineralización). Este proceso dinámico de desmineralización y remineralización tiene lugar de manera más o menos continua e igualitaria en un ambiente oral favorable . " | ||
| 650 | 1 | 4 |
_aOdontología _vTesis y disertaciones academicas. |
| 700 | 1 | _aMartínez Blanco, Karen Aurora. | |
| 700 | 1 |
_aFortich Mesa, Natalia, _einvestigadora principal. |
|
| 856 |
_uhttps://unicurn.sharepoint.com/:b:/s/biblioteca/ETxe73WE-5pJiXUPd1in7EEBte38aJJvd0B9G45xiyDJjQ?e=d6HhKt _zClick aqui para ver el recurso en texto completo |
||
| 942 |
_2ddc _aTG _cTG _hODO 2021 _iP295 |
||
| 999 |
_c5621 _d5621 |
||